|
|
|
|
| LEADER |
00000nam0a2200000 4500 |
| 001 |
316464 |
| 005 |
20231102002858.0 |
| 035 |
|
|
|a (RuTPU)RU\TPU\book\341902
|
| 090 |
|
|
|a 316464
|
| 100 |
|
|
|a 20160322d1972 m y0rusy50 ca
|
| 101 |
0 |
|
|a rus
|
| 102 |
|
|
|a RU
|
| 105 |
|
|
|a a j 000zy
|
| 200 |
1 |
|
|a Рудничная автоматика и телемеханика. Лабораторно-практические работы
|e учебное пособие для техникумов
|f В. А. Белогрудов, Л. П. Хонинев
|
| 205 |
|
|
|a 2-е изд., перераб. и доп.
|
| 210 |
|
|
|a Москва
|c Недра
|d 1972
|
| 215 |
|
|
|a 166 с.
|c ил.
|
| 606 |
1 |
|
|a Рудничная автоматика
|2 stltpush
|3 (RuTPU)RU\TPU\subj\25502
|9 49644
|
| 606 |
1 |
|
|a Рудничная телемеханика
|2 stltpush
|3 (RuTPU)RU\TPU\subj\25540
|9 49671
|
| 610 |
1 |
|
|a учебные пособия
|
| 610 |
1 |
|
|a конструкции
|
| 610 |
1 |
|
|a схемы
|
| 610 |
1 |
|
|a технические средства
|
| 610 |
1 |
|
|a монтаж
|
| 610 |
1 |
|
|a наладка
|
| 610 |
1 |
|
|a шахтные установки
|
| 610 |
1 |
|
|a автоматическое регулирование
|
| 675 |
|
|
|a 622.002.5-5(075.4)
|v 4
|
| 675 |
|
|
|a 622.489(075.4)
|v 4
|
| 700 |
|
1 |
|a Белогрудов
|b В. А.
|g Владимир Афанасьевич
|
| 701 |
|
1 |
|a Хонинев
|b Л. П.
|g Леонид Павлович
|
| 801 |
|
1 |
|a RU
|b 63413507
|c 20160322
|
| 801 |
|
2 |
|a RU
|b 63413507
|c 20160517
|g RCR
|
| 942 |
|
|
|c BK
|